000
00303 a2200145 4500
001
179851
020
_a
040
_c
Magnum
100
_a
Braga, Jussara
240
1
0
_a
Pirata de palavras
_l
por
245
1
0
_a
Pirata de palavras
362
0
_a
1899
697
_a
MAGNITO: I/PARADIDATICO
942
_c
BK
999
_c
179851
_d
179851